00541nam a2200205 a 4500001001300000003000900013005001700022008004100039020002300080082001400103100001700117245003400134260003500168300001000203500003500213505002000248650002000268700002900288700001800317nice12345678IN_TiNIC20260116014003.0050524s1989 newa grp 000 0 eng  a0679951 c41000a150bJUN2 aJung, Carl G aMemories, Dreams, Reflections aNew YorkbVintage Books c1989 a430p. aincludes index and biblioraphy2 aAcknowledgments aPsychology-Jung1 aRichard Andclara Winston1 aJaffe, Aniela